1277 1493 1947 1339 1649 1150 1604 1038 1736 1079 1874 1138 1039 1747 1088 1197 1414 1329 1130 1219 1137 1786 1556 1277 1117 1476 1001 1357 1156 1660 1577 1610 1548 1352 1607 1457 1941 1487 1066 1788 1120 1176 1879 1163 1637 1279 1681 1205 1828 1908 1129 1180 1608 1566 1431 1860 1618 1674 1569 1532 1660 1420 1700 1571 1183 1964 1844 1382 1812 1127 1302 1795 1021 1417 1306 1796 1760 1307 1842 1988 1357 1338 1094 1653 1669 1149 1767 1892 1412 1379 1258 1685 1391 1477 1871 1258 1415 1428 1316 BCNSPRNW ULIB Ver.6.0+V

เปลี่ยนเป็นภาษาไทย

Change to English
 แสดงรายละเอียดบรรณานุกรม
  กลับหน้าหลัก

Brief Record : Get Marc (ISO 2709) : E-mail record : QR code < ปิดหน้าต่าง
LEADER : 00000nam 2200000uu 4500
001    13399128164
003     ULIB
008    220802s2564||||th 000 0 tha d
020    ^a9786165863681
050  4 ^aQA278.3^bอ755ก
100 0  ^aอิศรัฏฐ์ รินไธสง
245 10 ^aการวิเคราะห์โมเดลสมการโครงสร้างสำหรับการวิจัยทางพฤติกรรมศาสตร์และสังคมศาสตร์ =^bStructural equation modeling for Behavioral and Social Sciences Research /^cอิศรัฏฐ์ รินไธสง
246 31 ^aStructural equation modeling for Behavioral and Social Sciences Research
250    ^aพิมพ์ครั้งที่ 2(แก้ไขปรับปรุง)
260    ^aกรุงเทพฯ :^bนีโอพ้อยด์(1995),^c2564
300    ^a199 หน้า :^bภาพประกอบ ;^c21 ซม.
650  0 ^aStructural equation modeling
650  4 ^aแบบจำลองสมการโครงสร้าง
945    ^p400^l0^i29415
945    ^p400^l0^i29416
945    ^p400^l0^i29417
945    ^p400^l0^i29418
945    ^p400^l0^i29419
999    ^aกัณชพร จุลอักษร
รายการนี้ยังไม่มีแท็ก
คุณยังไม่ได้ล็อกอิน คุณสามารถมีกิจกรรมร่วมกับเว็บไซต์ได้ แต่ต้องล็อกอินก่อน ::
  ล็อกอิน

รายการสื่อสารสนเทศ

ลำดับที่ ประเภท เลขเรียก/บาร์โค้ด สถานที่ สถานะ
1. หนังสือสำรอง
หนังสือสำรอง
QA278.3 อ755ก ฉ.1 
  Barcode: 29415
ห้องสมุดวิทยาเขตนครสวรรค์
►หนังสือทั่วไป:l:General Books
บนชั้น
2. วิทยาศาสตร์การแพทย์ และสุขภาพ
วิทยาศาสตร์การแพทย์ และสุขภาพ
QA278.3 อ755ก ฉ.2 
  Barcode: 29416
ห้องสมุดวิทยาเขตนครสวรรค์
►หนังสือทั่วไป:l:General Books
บนชั้น
3. วิทยาศาสตร์การแพทย์ และสุขภาพ
วิทยาศาสตร์การแพทย์ และสุขภาพ
QA278.3 อ755ก ฉ.3 
  Barcode: 29417
ห้องสมุดวิทยาเขตนครสวรรค์
►หนังสือทั่วไป:l:General Books
บนชั้น
4. วิทยาศาสตร์การแพทย์ และสุขภาพ
วิทยาศาสตร์การแพทย์ และสุขภาพ
QA278.3 อ755ก ฉ.4 
  Barcode: 29418
ห้องสมุดวิทยาเขตนครสวรรค์
►หนังสือทั่วไป:l:General Books
บนชั้น
5. วิทยาศาสตร์การแพทย์ และสุขภาพ
วิทยาศาสตร์การแพทย์ และสุขภาพ
QA278.3 อ755ก ฉ.5 
  Barcode: 29419
ห้องสมุดวิทยาเขตนครสวรรค์
►หนังสือทั่วไป:l:General Books
บนชั้น

รายการใกล้เคียง
    ผู้แต่ง [อิศรัฏฐ์ รินไธสง]

    หัวเรื่อง [Structural equation modeling]
    หัวเรื่อง [แบบจำลองสมการโครงสร้าง]

BibComment


ยังไม่เคยถูกคอมเมนท์

คอมเมนท์ทรัพยากรรายการนี้
  คอมเมนท์: การวิเคราะห์โมเด..


 Copyright 2026. Bcnsprnw @Library